Estelas discoideas de la Peninsula Ibérica / (Registro nro. 83113)

Detalles MARC
000 -LEADER
campo de control de longitud fija 00922nam a2200217 i 4500
001 - NÚMERO DE CONTROL
campo de control 83113
003 - IDENTIFICADOR DE NÚMERO DE CONTROL
campo de control ES-MaACL
005 - FECHA Y HORA DE LA ÚLTIMA TRANSACCIÓN
campo de control 20251014063134.0
007 - CAMPO FIJO DE DESCRIPCIÓN FÍSICA--INFORMACIÓN GENERAL
campo de control de longitud fija t|
008 - DATOS DE LONGITUD FIJA--INFORMACIÓN GENERAL
campo de control de longitud fija 180106s1920 sp ||||1| spa d
100 1# - ENTRADA PRINCIPAL--NOMBRE DE PERSONA
Nombre de persona Frankowski, Eugeniusz,
Fechas asociadas al nombre 1884-1962
9 (RLIN) 52338
245 10 - MENCIÓN DEL TÍTULO
Título Estelas discoideas de la Peninsula Ibérica /
Mención de responsabilidad, etc. por Eugeniusz Frankowski.
260 ## - PUBLICACIÓN, DISTRIBUCIÓN, ETC.
Lugar de publicación, distribución, etc. Madrid :
Nombre del editor, distribuidor, etc. Museo Nacional de Ciencias Naturales,
Fecha de publicación, distribución, etc. 1920.
300 ## - DESCRIPCIÓN FÍSICA
Extensión 192 p., lám. I-X, 1 map. plég. :
Otras características físicas il. ;
Dimensiones 27 cm.
490 1# - MENCIÓN DE SERIE
Mención de serie Comisión de Investigaciones Paleontológicas y Prehistóricas. Memoria ;
Designación de volumen o secuencia 25
594 ## - Nota al título y mención de responsabilidad
Nota al título y mención de responsabilidad Precede al tít.: Junta para Ampliación de Estudios e Investigaciones Científicas.
650 #4 - PUNTO DE ACCESO ADICIONAL DE MATERIA--TÉRMINO DE MATERIA
Término de materia o nombre geográfico como elemento de entrada Estelas (Arqueología)-
Subdivisión geográfica Península Ibérica.
9 (RLIN) 164886
830 00 - PUNTO DE ACCESO ADICIONAL DE SERIE-TÍTULO UNIFORME
Título uniforme Comisión de Investigaciones Paleontológicas y Prehistóricas. Memoria
Designación de volumen o secuencia 25
9 (RLIN) 183771
852 ## - LOCALIZACIÓN
Ubicación ES-MaACL
Número de control de estantería B-13006(1)
Existencias
Estatus retirado Estado de pérdida Estado de daño No para préstamo Biblioteca de origen Biblioteca actual Ubicación en estantería Fecha de adquisición Fuente de adquisición Total de préstamos Signatura topográfica completa Código de barras Visto por última vez Precio de reemplazo Tipo de ítem Koha
        Biblioteca del Ateneo de Madrid Biblioteca del Ateneo de Madrid Sala Pardo Bazán 01/06/2018     B-13006(1) 1198935 23/02/2023 23/02/2023 Libro impreso